000 00360 a2200157 4500
001 193059
020 _a978-85-01-07158-3
040 _cMagnum
100 _aRutherfurd, Edward
240 1 0 _aOs príncipes da Irlanda
_lpor
245 1 0 _aOs príncipes da Irlanda
300 _a696
362 0 _a2012
697 _aLITERATURA GERAL ESTRANGEIRA
942 _cBK
999 _c193059
_d193059